[Event "VIE-ch U13 Girls"]
[Site "Ho Chi Minh City"]
[Date "2014.07.15"]
[Round "4"]
[White "Huynh, Xuan Anh Tram"]
[Black "Nguyen, Anh Binh"]
[Result "1-0"]
[WhiteElo "1826"]
[BlackElo "1847"]
[PlyCount "77"]
[EventDate "2014.07.13"]
[EventType "swiss"]
[EventRounds "9"]
[EventCountry "VIE"]
[SourceTitle "EXT 2016"]
[Source "ChessBase"]
[SourceDate "2015.10.08"]
[SourceVersion "1"]
[SourceVersionDate "2015.10.08"]
[SourceQuality "1"]

1. e4 d6 2. d4 Nc6 3. b3 g6 4. Bb2 Bg7 5. Nf3 Bg4 6. g3 e5 7. d5 Nd4 8. Nbd2 Nf6 9. h3 Bxf3 10. Nxf3 Nxe4 11. Nxd4 exd4 12. Bxd4 Bxd4 13. Qxd4 Nf6 14. Bg2 0-0 15. 0-0 a6 16. Kh2 Rc8 17. f4 c5 18. dxc6 bxc6 19. f5 c5 20. Qh4 Rb8 21. Qh6 Qd7 22. Rf2 Qe7 23. Raf1 Nd7 24. Bc6 a5 25. Bxd7 Qxd7 26. fxg6 hxg6 27. Rf4 f5 28. Rh4 Rbd8 29. Re1 Qg7 30. Re6 Kf7 31. Re7+ Kxe7 32. Qxg7+ Rf7 33. Qxg6 d5 34. Rh6 Re8 35. Qe6+ Kd8 36. Qb6+ Kc8 37. Rc6+ Kd7 38. Qb7+ Kd8 39. Rc8# 1-0

[Event "VIE-ch U13 Girls"]
[Site "Ho Chi Minh City"]
[Date "2014.07.13"]
[Round "1"]
[White "Nguyen, Tran Minh Thu"]
[Black "Nguyen, Anh Binh"]
[Result "1-0"]
[WhiteElo "1829"]
[BlackElo "1847"]
[PlyCount "93"]
[EventDate "2014.07.13"]
[EventType "swiss"]
[EventRounds "9"]
[EventCountry "VIE"]
[SourceTitle "EXT 2016"]
[Source "ChessBase"]
[SourceDate "2015.10.08"]
[SourceVersion "1"]
[SourceVersionDate "2015.10.08"]
[SourceQuality "1"]

1. e4 d6 2. d4 Nf6 3. Nc3 g6 4. f4 Bg7 5. Nf3 0-0 6. Be2 e6 7. 0-0 d5 8. e5 Ne4 9. Qd3 f5 10. exf6 Nxf6 11. Ng5 Nc6 12. Be3 Nb4 13. Qd2 Nc6 14. Na4 Ne4 15. Nxe4 dxe4 16. Rfd1 b6 17. c4 Ne7 18. c5 Bd7 19. Nc3 Nd5 20. cxb6 axb6 21. Nxe4 Bc6 22. Ng5 Bd7 23. Bg4 Re8 24. Bf2 c6 25. Bg3 e5 26. Bxd7 Qxd7 27. dxe5 b5 28. Ne4 Qa7+ 29. Bf2 Qc7 30. Nd6 Red8 31. Bc5 Qa5 32. Qxa5 Rxa5 33. Nb7 Rda8 34. Nxa5 Rxa5 35. g3 b4 36. Bd6 Ne3 37. Rdc1 Ra6 38. Bxb4 Nd5 39. Bd6 Bf8 40. Bxf8 Kxf8 41. Rc5 Ke7 42. a3 Kd7 43. Rd1 Ke6 44. b4 Ne3 45. Rd6+ Ke7 46. Rcxc6 Rxc6 47. Rxc6 1-0